On This Day: June 7th Quiz Stats

 Plays Quiz Updated Jun 7, 2017

Support Sporcle.
Go Orange.
Score 0/7 Timer 03:00
0 Plays Today
Question Answer Wrong Answers
This American singer-songwriter, famous for his ‘Purple Rain’ album among others, is born.
1958
Prince
92.8%
Michael Jackson
1.2%
Stevie Wonder
1.3%
Lenny Kravitz
0.9%
Priscilla Presley opens ______, Elvis’ former mansion, to the public.
1982
Graceland
89.5%
Neverland
2.6%
Monticello
1.4%
Elvis World
2.2%
The man is crowned King of France. He would reign for over 72 years until his death in 1715.
1654
Louis XIV
87.9%
Henry II
5%
Napoleon III
5.8%
Robert II
1.3%
The inaugural World Cup of this sport begins in England. The tournament is won by the West Indies.
1975
Cricket
60.9%
Rugby
13.5%
Water Polo
3.5%
Soccer
18%
The United States and the United Kingdom agree in the Lyons–Seward Treaty to try and suppress this.
1862
Atlantic Slave Trade
58%
French Intervention in Mexico
18.3%
Violence in US and UK Territories
9.9%
American Civil War
12.8%
The Lateran Treaty is ratified, bringing this small landlocked nation into existence.
1929
Vatican City
47.8%
San Marino
15.5%
Monaco
8.7%
Liechtenstein
24.8%
This man is arrested for refusing to leave his seat in the ‘whites-only’ car of a train. The resulting ‘separate but equal’ decision against him had wide consequences for civil rights in the US.
1892
Homer Plessy
41%
Dred Scott
33.4%
Ernesto Miranda
8%
Medgar Evers
15.5%

You're not logged in!

Compare scores with friends on all Sporcle quizzes.
OR
Log In
Forgot?

From the Vault

'A' Logos

by Quizmaster91

These logos really brought their 'A' game.
Remove Ads.
Support Sporcle.
Get the best of Sporcle when you Go Orange. This ad-free experience offers more features, more stats, and more fun while also helping to support Sporcle. Thank you for becoming a member.

Show Comments

Extras

Top Quizzes Today


Score Distribution

Your Account Isn't Verified!

In order to create a playlist on Sporcle, you need to verify the email address you used during registration. Go to your Sporcle Settings to finish the process.

Report this User

Report this user for behavior that violates our Community Guidelines.

Details: